logo

Bir Sreshtho Munshi Abdur Rouf Library
Jhenaidah Cadet College

Polymer science / (Record no. 12159)

MARC details
000 -LEADER
fixed length control field 00763nam a2200277 a 4500
001 - CONTROL NUMBER
JCCL Control Number 12159
003 - CONTROL NUMBER IDENTIFIER
JCCL marc code BD-JhCC
005 - DATE AND TIME OF LATEST TRANSACTION
control field 20210322091219.0
008 - FIXED-LENGTH DATA ELEMENTS--GENERAL INFORMATION
fixed length control field 210322b19862020ii a|||| |||| 001 0 eng d
020 ## - INTERNATIONAL STANDARD BOOK NUMBER
International Standard Book Number 9789387788640
035 ## - SYSTEM CONTROL NUMBER
system control number (BD-JhCC)12159
040 ## - CATALOGING SOURCE
Original cataloging agency BD-JhCC
Modifying agency BD-JhCC
041 ## - LANGUAGE CODE
Language code of Book eng
082 ## - DEWEY DECIMAL CLASSIFICATION NUMBER
Classification number 668.9
Author mark and Year GOW 2020
100 ## - MAIN ENTRY--PERSONAL NAME
Personal name Gowariker, V R
245 ## - TITLE STATEMENT
Title Polymer science /
Statement of responsibility, etc V R Gowariker, N V Viswanathan and Jayadev Sreedhar
250 ## - EDITION STATEMENT
Edition statement 3rd ed.
260 ## - PUBLICATION, DISTRIBUTION, ETC. (IMPRINT)
Place of publication, distribution, etc New Delhi :
Name of publisher, distributor, etc New Age International,
Date of publication, distribution, etc 2020 [reprint].
300 ## - PHYSICAL DESCRIPTION
Pagination xv, 395 p. :
Other physical details two colour
Dimensions 23 cm.
504 ## - BIBLIOGRAPHY, ETC. NOTE
Bibliography, etc Includes index.
650 ## - SUBJECT ADDED ENTRY--TOPICAL TERM
Topical term or geographic name as entry element Polymerization
650 ## - SUBJECT ADDED ENTRY--TOPICAL TERM
Topical term or geographic name as entry element Polymers
700 ## - ADDED ENTRY--PERSONAL NAME
Personal name Viswanathan, N V
700 ## - ADDED ENTRY--PERSONAL NAME
Personal name Sreedhar, Jayadev
942 ## - ADDED ENTRY ELEMENTS (KOHA)
Source of classification or shelving scheme Dewey Decimal Classification
Koha item type Books
Holdings
Source of classification or shelving scheme Damaged status Not for loan Home library Current library Shelving location Date of accession Cost, normal purchase price Total Checkouts Full call number Barcode Date last seen Copy number Koha item type
Dewey Decimal Classification     JCC Rouf Library JCC Rouf Library General Stacks 03/22/2021 763.00   668.9 GOW 2020 16611 03/22/2021 C-1 Books

JCC Library | Contacts | JCC Home

Last Update on 23 September 2017
Copyright @ 2017-2020 JCC Rouf Library
Rouf Library, Jhenidah Cadet College (JCC), Bangladesh